000 002510000a22000970004500
100 1 _aPosada, Felix
245 1 0 _aEvangelización y proselitismo religioso
300 _aVol. 11, (2002), Páginas 22
773 0 _tLa Voz Luterana de Colombia
942 _cANA
999 _c51805
_d51805